Eugenio o proclamación de la primavera

Uloženo v:
Podrobná bibliografie
Hlavní autor: García Serrano, Rafael (Autor)
Médium: Kniha
Jazyk:španělština
Vydáno: Barcelona Planeta 1982
Edice:Narrativa, 56
Témata:
Tagy: Přidat tag
Žádné tagy, Buďte první, kdo vytvoří štítek k tomuto záznamu!

MARC

LEADER 00000nam a2200000 a 4500
001 UCQ5620
003 CL-VaPUC
008 981002e19820000SP |||||||||||||||||spa|d
082 0 4 |a 863  |b GAR  |2 21 
100 0 |a García Serrano, Rafael  |e author  |9 419677 
245 1 0 |a Eugenio o proclamación de la primavera 
300 |a 183 p 
942 |c BK 
945 |d 19981002 00:00:00  |a crobeson 
260 |a Barcelona  |b Planeta  |c 1982 
650 0 |a Novelas españolas  |9 265052 
650 0 |a Literatura española  |9 306261 
583 |a last modification  |c 19981002 00:00:00  |k Rodrigo Vera 
490 0 |a Narrativa, 56 
999 |c 275825  |d 275823 
952 |0 0  |1 0  |4 0  |6 863_000000000000000_GAR_1982  |7 0  |8 A  |9 312667  |a BIBEDU  |b BIBEDU  |d 2019-11-20  |i 1475215  |o 863 GAR 1982  |p 1475215  |r 2019-11-20  |w 2019-11-20  |y BK  |k LIT